<?xml version="1.0" encoding="UTF-8"?>
<collection xmlns="http://www.loc.gov/MARC21/slim">
 <record>
  <leader>01561nam a2200217 a 4500</leader>
  <controlfield tag="001">TVCDKTCT9177</controlfield>
  <controlfield tag="003">Thư viện trường Cao đẳng Kỹ thuật Cao Thắng</controlfield>
  <controlfield tag="005">20080423000000</controlfield>
  <controlfield tag="008">080423</controlfield>
  <datafield tag="980" ind1="\" ind2="\">
   <subfield code="a">Thư viện Trường CĐ Kỹ Thuật Cao Thắng</subfield>
  </datafield>
  <datafield tag="024" ind1=" " ind2=" ">
   <subfield code="a">RG_1 #1 eb0 i1</subfield>
  </datafield>
  <datafield tag="041" ind1="0" ind2="#">
   <subfield code="a">vie</subfield>
  </datafield>
  <datafield tag="082" ind1="#" ind2="#">
   <subfield code="a">813 / </subfield>
   <subfield code="b">B450G-m</subfield>
  </datafield>
  <datafield tag="100" ind1="1" ind2="#">
   <subfield code="a">Puzo Mario</subfield>
  </datafield>
  <datafield tag="245" ind1="0" ind2="0">
   <subfield code="a">Bố già /</subfield>
   <subfield code="c">Puzo Mario</subfield>
  </datafield>
  <datafield tag="246" ind1="0" ind2="1">
   <subfield code="a">TheGodfather</subfield>
  </datafield>
  <datafield tag="260" ind1="#" ind2="#">
   <subfield code="a">H. :</subfield>
   <subfield code="b">Phương Đông ,</subfield>
   <subfield code="c">2008</subfield>
  </datafield>
  <datafield tag="300" ind1="#" ind2="#">
   <subfield code="a">653tr. ;</subfield>
   <subfield code="c">20cm</subfield>
  </datafield>
  <datafield tag="520" ind1="#" ind2="#">
   <subfield code="a">Vito Corleone được cuộc sống cấu tạo thành ông trùm thế giới ngầm với quyền lực và tiếng tăm lừng lẫy ở Hiệp Chủng Quốc Hoa Kì là do bi kịch của gia đình ông từ một làng quê xa tít bên nước Ý. Sau khi cha mẹ bị hạ sát, cậu béVito được người thân đưa sang Mỹ dấu bặt tăm tích để khỏi bị tiệt diệt. Rồi từ những khu ổ chuột New york với cuộc sống ô tạp mà chính quyền không kiểm soát nổi, Vito đã hình thành thân thế hảo hớn của một bậc đàn anh. Lòng dũng cảm và tình thương đồng loại đã đưa Vito lên ngôi vị bố già, lập đê chế riêng của mình với những hoạt động ân oán giang hồ hơn ba thập niên.</subfield>
  </datafield>
  <datafield tag="650" ind1="#" ind2="4">
   <subfield code="a">Văn học Mỹ</subfield>
  </datafield>
  <datafield tag="650" ind1="#" ind2="4">
   <subfield code="a">Tiểu thuyết Mỹ</subfield>
  </datafield>
 </record>
</collection>
